| 000 | 00387cam a22001457i 4500 | ||
|---|---|---|---|
| 005 | 20250901165806.0 | ||
| 008 | 150622s2013 ke 000 1 eng | ||
| 010 | _a 2014321514 | ||
| 020 | _a9789966368713 | ||
| 050 | 0 | 0 | _aPR 9408.9 .K57 2013 |
| 100 | 1 | _aKap-Kirwok, Jason. | |
| 245 | 1 | 4 |
_aThe heart is a reluctant nomad / _cKap Kirwok. |
| 300 |
_aiii, 175 pages ; _c18 cm |
||
| 942 | _2lcc | ||
| 999 |
_c9306 _d9306 |
||